000 00732nam a2200289Ia 4500
005 20260324124609.0
008 008 260324s9999 xx 000 0 eng d
020 _a9781315602677
037 _aEBOOK
040 _aCRL
040 _beng
040 _cCRL
041 _2eng
041 _aeng
084 _qCRL
100 _aRebecca J. Cruise; Suzette R. Grillot
_91174767
245 0 _aProtecting Our Ports
245 0 _bDomestic and International Politics of Containerized Freight Security
260 _bTaylor and Francis
260 _c2010
365 _a
365 _b240
856 _uhttp://www.taylorfrancis.com/books/9781315602677
942 _cEBOOK
999 _c1769279
_d1769279